最寄りの県庁所在地 - Statistics

General Stats
  • This quiz has been taken 272 times
  • The average score is 39 of 46
Answer Stats
Hint Answer % Correct
さいたま市
100%
横浜市
98%
千葉市
98%
水戸市
97%
宇都宮市
95%
前橋市
95%
長野市
95%
富山市
93%
金沢市
92%
福井市
92%
岐阜市
91%
名古屋市
91%
津市
91%
奈良市
90%
大阪市
90%
神戸市
90%
和歌山市
89%
徳島市
89%
高松市
89%
岡山市
89%
鳥取市
89%
松江市
89%
広島市
89%
松山市
89%
高知市
88%
大分市
86%
熊本市
85%
佐賀市
85%
福岡市
85%
長崎市
85%
鹿児島市
85%
宮崎市
84%
山口市
82%
京都市
77%
大津市
73%
静岡市
73%
甲府市
73%
秋田市
73%
盛岡市
73%
札幌市
73%
新潟市
72%
山形市
72%
仙台市
72%
青森市
72%
福島市
71%
那覇市
71%
No matching quizzes found
Score Distribution
Percent of People with Each Score
Percentile by Number Answered
Your Score History
You have not taken this quiz